[Event "Titled Tuesday intern op 23rd Apr Late"]
[Site "Chess.com INT"]
[Date "2024.04.23"]
[Round "8"]
[White "Malakhov, Vladimir"]
[Black "Gubajdullin, Alexey"]
[Result "1-0"]
[WhiteElo "2648"]
[BlackElo "2229"]
[PlyCount "65"]
[EventDate "2024.04.23"]
[EventType "swiss (blitz)"]
[EventRounds "11"]
[EventCountry "USA"]
[SourceTitle "CB18_2024"]
[SourceDate "2024.05.01"]
[SourceVersion "1"]
[SourceVersionDate "2024.05.01"]
[SourceQuality "2"]

1. Nf3 Nf6 2. c4 g6 3. g3 Bg7 4. Bg2 0-0 5. 0-0 d6 6. d4 Nbd7 7. Nc3 e5 8. e4 c6 9. Qc2 a5 10. Rd1 exd4 11. Nxd4 Qe7 12. h3 Nc5 13. Bf4 Nfd7 14. Rd2 Bxd4 15. Rxd4 Ne6 16. Qd2 Nxd4 17. Qxd4 Ne5 18. Kh2 g5 19. Be3 Be6 20. b3 f5 21. f4 gxf4 22. gxf4 Ng6 23. Rg1 Qf6 24. Qd2 Rad8 25. Bf3 Rf7 26. Bh5 Kf8 27. Bxg6 hxg6 28. Bd4 Qh4 29. Rxg6 Rh7 30. Qe3 Re8 31. exf5 Bxf5 32. Rg8+ Kxg8 33. Qxe8# 1-0

[Event "Titled Tuesday intern op 23rd Apr Late"]
[Site "Chess.com INT"]
[Date "2024.04.23"]
[Round "11"]
[White "Malakhov, Vladimir"]
[Black "Mendes, Aaron Reeve"]
[Result "0-1"]
[WhiteElo "2648"]
[BlackElo "2288"]
[PlyCount "86"]
[EventDate "2024.04.23"]
[EventType "swiss (blitz)"]
[EventRounds "11"]
[EventCountry "USA"]
[SourceTitle "CB18_2024"]
[SourceDate "2024.05.01"]
[SourceVersion "1"]
[SourceVersionDate "2024.05.01"]
[SourceQuality "2"]

1. e4 c5 2. Nf3 d6 3. d4 cxd4 4. Qxd4 Nc6 5. Bb5 Bd7 6. Qd3 Nf6 7. 0-0 a6 8. Bxc6 Bxc6 9. Re1 g6 10. c4 Bg7 11. Nc3 0-0 12. Be3 Nd7 13. Nd4 Rc8 14. Rac1 Ne5 15. Qe2 Bd7 16. b3 Qa5 17. h3 e6 18. Qd2 Qc7 19. a4 Rfd8 20. Red1 Bc6 21. f3 Be8 22. Qf2 Rd7 23. f4 Nc6 24. f5 Nxd4 25. Bxd4 Bxd4 26. Rxd4 Qc5 27. Rcd1 Rdd8 28. R4d3 Qe5 29. Qd4 Qf4 30. Rf3 Qg5 31. Rdf1 Bc6 32. Qd3 exf5 33. Rg3 fxe4 34. Rxg5 exd3 35. Rg3 d5 36. c5 d4 37. Nb1 Be4 38. Nd2 f5 39. Rc1 Rd5 40. b4 a5 41. Rc4 axb4 42. Rxb4 Rcxc5 43. Rxb7 Rc2 0-1

[Event "Titled Tuesday intern op 23rd Apr Late"]
[Site "Chess.com INT"]
[Date "2024.04.23"]
[Round "4"]
[White "Malakhov, Vladimir"]
[Black "Paravyan, David"]
[Result "1/2-1/2"]
[WhiteElo "2648"]
[BlackElo "2606"]
[PlyCount "74"]
[EventDate "2024.04.23"]
[EventType "swiss (blitz)"]
[EventRounds "11"]
[EventCountry "USA"]
[SourceTitle "CB18_2024"]
[SourceDate "2024.05.01"]
[SourceVersion "1"]
[SourceVersionDate "2024.05.01"]
[SourceQuality "2"]

1. Nf3 d5 2. g3 g6 3. Bg2 Bg7 4. d4 Nf6 5. 0-0 0-0 6. c4 dxc4 7. Na3 c5 8. Nxc4 Be6 9. Nce5 cxd4 10. Qxd4 Qxd4 11. Nxd4 Bd5 12. Rd1 Bxg2 13. Kxg2 Rc8 14. Nef3 Nc6 15. Bf4 Nd5 16. Nxc6 Nxf4+ 17. gxf4 Rxc6 18. Rd2 Rb6 19. Rb1 Rc8 20. b3 Bf6 21. Rbd1 Kg7 22. Ne1 a5 23. Rd5 a4 24. bxa4 Rc4 25. Nd3 Rxa4 26. Rd2 Rd4 27. Rxd4 Bxd4 28. Rc2 Ra6 29. Kf3 b5 30. e3 Bf6 31. Rc5 Rxa2 32. Rxb5 Ra7 33. Rc5 e6 34. Rb5 Rc7 35. Rc5 Ra7 36. Rb5 Rc7 37. Rc5 Ra7 1/2-1/2

[Event "Titled Tuesday intern op 16th Apr Late"]
[Site "Chess.com INT"]
[Date "2024.04.16"]
[Round "7"]
[White "Ashraf, Artin"]
[Black "Malakhov, Vladimir"]
[Result "1-0"]
[WhiteElo "2399"]
[BlackElo "2648"]
[PlyCount "101"]
[EventDate "2024.04.16"]
[EventType "swiss (blitz)"]
[EventRounds "11"]
[EventCountry "USA"]
[SourceTitle "CB17_2024"]
[SourceDate "2024.04.24"]
[SourceVersion "1"]
[SourceVersionDate "2024.04.24"]
[SourceQuality "1"]

1. d4 d5 2. Nf3 Nf6 3. c4 c6 4. Nc3 a6 5. cxd5 cxd5 6. Bf4 Nc6 7. e3 Bg4 8. Qb3 Na5 9. Qa4+ Bd7 10. Qc2 e6 11. Bd3 Rc8 12. 0-0 Bb4 13. Ne5 Nc6 14. Qe2 Bxc3 15. bxc3 Nxe5 16. dxe5 Ng8 17. Qg4 Kf8 18. Bg3 Ne7 19. Bh4 h6 20. Qb4 g5 21. Bg3 b5 22. f4 Qc7 23. fxg5 hxg5 24. Qg4 Qxc3 25. Rad1 Rg8 26. Qh5 Nf5 27. Bxf5 exf5 28. Rxd5 Be6 29. Rd6 Qxe3+ 30. Kh1 Rc1 31. Qh6+ Ke8 32. Rxe6+ fxe6 33. Qxe6+ Kf8 34. Qxf5+ Kg7 35. h3 Rxf1+ 36. Qxf1 Rf8 37. Qd1 Qxg3 38. e6 Qf4 39. Qd7+ Kh6 40. e7 Qc1+ 41. Kh2 Qf4+ 42. Kh1 Qc1+ 43. Kh2 Rf1 44. Qe6+ Kg7 45. Qe5+ Kh7 46. Qe4+ Kh6 47. Qe6+ Kg7 48. Qe5+ Kh7 49. e8Q Rh1+ 50. Kg3 Qa3+ 51. Kg4 1-0

[Event "Titled Tuesday intern op 16th Apr Late"]
[Site "Chess.com INT"]
[Date "2024.04.16"]
[Round "5"]
[White "Malakhov, Vladimir"]
[Black "Potapova, Margarita"]
[Result "1-0"]
[WhiteElo "2648"]
[BlackElo "2112"]
[PlyCount "123"]
[EventDate "2024.04.16"]
[EventType "swiss (blitz)"]
[EventRounds "11"]
[EventCountry "USA"]
[SourceTitle "CB17_2024"]
[SourceDate "2024.04.24"]
[SourceVersion "1"]
[SourceVersionDate "2024.04.24"]
[SourceQuality "1"]

1. e4 c5 2. Nf3 d6 3. d4 cxd4 4. Nxd4 Nf6 5. Nc3 a6 6. g3 e5 7. Nde2 b5 8. Bg2 Be7 9. 0-0 0-0 10. a4 b4 11. Nd5 Nxd5 12. exd5 Ra7 13. a5 Nd7 14. Bd2 Rb7 15. b3 Nc5 16. Qe1 Bg4 17. Nc1 e4 18. Bxb4 Bf6 19. Bc3 Re8 20. Na2 Bg5 21. Bd4 Qd7 22. Nb4 Bf3 23. Nc6 h5 24. b4 Ne6 25. Be3 Bf6 26. Rd1 Ng5 27. Bxg5 Bxg5 28. Rd4 Bf6 29. Rc4 Rb5 30. Qd2 Qf5 31. Nd4 Qxd5 32. Nxf3 Qxc4 33. Ne1 Qxb4 34. Qe2 d5 35. Qxh5 d4 36. Qe2 e3 37. Nd3 exf2+ 38. Qxf2 Qd6 39. Qd2 Rbb8 40. Rf5 Re3 41. Rf1 Rbe8 42. Nf4 Qd7 43. Nd5 Be5 44. Nxe3 Qc7 45. Nd5 Qc5 46. Qd3 Bd6 47. Kh1 Bf8 48. Qf5 f6 49. Qh5 Re5 50. Qf3 Qd6 51. Nf4 Rc5 52. Nd3 Rxc2 53. Qd5+ Qxd5 54. Bxd5+ Kh8 55. Bb7 Rd2 56. Bxa6 Ra2 57. Bc4 Rxa5 58. Re1 Kh7 59. Re8 Bd6 60. Kg2 Ra3 61. Bd5 Rxd3 62. Be4+ 1-0

[Event "Chessable Masters Div 3 Lose"]
[Site "Chess.com INT"]
[Date "2024.02.02"]
[Round "1.1"]
[White "Bortnyk, Olexandr"]
[Black "Malakhov, Vladimir"]
[Result "1-0"]
[WhiteElo "2608"]
[BlackElo "2648"]
[PlyCount "95"]
[EventDate "2024.02.02"]
[EventType "k.o. (rapid)"]
[EventRounds "8"]
[EventCountry "USA"]
[SourceTitle "CB06_2024"]
[SourceDate "2024.02.07"]
[SourceVersion "1"]
[SourceVersionDate "2024.02.07"]
[SourceQuality "1"]

1. d4 d5 2. Nc3 Nf6 3. Bf4 a6 4. e3 e6 5. a3 b5 6. b4 Nbd7 7. Nf3 Bd6 8. Ne5 Bb7 9. Bd3 Ne4 10. Bxe4 dxe4 11. Qg4 g6 12. Bg5 Be7 13. Bxe7 Qxe7 14. Nxd7 Kxd7 15. h4 f5 16. Qh3 Bd5 17. 0-0 c6 18. Rfb1 g5 19. hxg5 Qxg5 20. a4 h5 21. axb5 axb5 22. Qh2 h4 23. Ne2 Qg4 24. Nf4 Rxa1 25. Rxa1 Ra8 26. Rc1 Ra2 27. Qh3 Rb2 28. c3 Ra2 29. Qh1 Bc4 30. Nh3 Qe2 31. Kh2 Qb2 32. Qe1 Bd3 33. Kg1 Qd2 34. Qxd2 Rxd2 35. Nf4 Kd6 36. Ra1 Rc2 37. Ra7 Rxc3 38. Ng6 e5 39. dxe5+ Kd5 40. Rd7+ Ke6 41. Rd6+ Kf7 42. Rf6+ Kg7 43. Nxh4 c5 44. Nxf5+ Kg8 45. e6 cxb4 46. Rg6+ Kh8 47. e7 Rc8 48. Rd6 1-0

[Event "Chessable Masters Play In"]
[Site "Chess.com INT"]
[Date "2024.01.31"]
[Round "5"]
[White "Andreikin, Dmitry"]
[Black "Malakhov, Vladimir"]
[Result "0-1"]
[WhiteElo "2729"]
[BlackElo "2648"]
[PlyCount "100"]
[EventDate "2024.01.31"]
[EventType "swiss (rapid)"]
[EventRounds "9"]
[EventCountry "USA"]
[SourceTitle "CB06_2024"]
[SourceDate "2024.02.07"]
[SourceVersion "1"]
[SourceVersionDate "2024.02.07"]
[SourceQuality "1"]

1. d4 d5 2. c4 c6 3. Nf3 Nf6 4. e3 Bf5 5. Nc3 e6 6. Nh4 Bg6 7. Qb3 Qc7 8. Bd2 Nbd7 9. Rc1 Qb6 10. Nxg6 Qxb3 11. axb3 hxg6 12. g3 Ne4 13. cxd5 exd5 14. Nxe4 dxe4 15. d5 c5 16. b4 a6 17. b5 a5 18. Bc3 Rh7 19. Ra1 b6 20. Ra4 f5 21. f3 exf3 22. e4 Bd6 23. Kf2 0-0-0 24. h4 Ne5 25. Bh3 Rf8 26. Bxe5 Bxe5 27. Kxf3 Kc7 28. Rf1 fxe4+ 29. Kxe4 Rxf1 30. Bxf1 Bxg3 31. Kf3 Rxh4 32. Rxh4 Bxh4 33. b3 Kd6 34. Ke4 Bf6 35. Be2 c4 36. Bxc4 Kc5 37. Kd3 g5 38. d6 Kxd6 39. Kc2 Kc5 40. Be2 g4 41. Bxg4 Kxb5 42. Kd3 Kb4 43. Be6 b5 44. Bf7 a4 45. bxa4 bxa4 46. Kc2 g5 47. Be6 a3 48. Kd3 g4 49. Ke4 g3 50. Kf3 Be5 0-1

[Event "Chessable Masters Play In"]
[Site "Chess.com INT"]
[Date "2024.01.31"]
[Round "7"]
[White "Malakhov, Vladimir"]
[Black "Sarana, Alexey"]
[Result "1-0"]
[WhiteElo "2648"]
[BlackElo "2695"]
[PlyCount "91"]
[EventDate "2024.01.31"]
[EventType "swiss (rapid)"]
[EventRounds "9"]
[EventCountry "USA"]
[SourceTitle "CB06_2024"]
[SourceDate "2024.02.07"]
[SourceVersion "1"]
[SourceVersionDate "2024.02.07"]
[SourceQuality "1"]

1. Nf3 d5 2. g3 g6 3. Bg2 Bg7 4. d4 c6 5. 0-0 Nf6 6. c3 0-0 7. Nbd2 Nbd7 8. Re1 c5 9. a4 a5 10. Nb1 Ne4 11. Na3 Ndf6 12. Ng5 cxd4 13. cxd4 Qb6 14. Nxe4 Nxe4 15. Be3 Bf5 16. Nb5 Rac8 17. Qb3 Rfd8 18. Rac1 Rc6 19. g4 Bc8 20. h3 f5 21. f3 Nf6 22. g5 Ne8 23. f4 Be6 24. Rc5 Bf7 25. Rec1 e6 26. Qd3 Bf8 27. R5c2 Nd6 28. Nxd6 Bxd6 29. Bd2 e5 30. fxe5 Bxe5 31. Rc5 Rdc8 32. Bxa5 Qa7 33. Bb4 Bf4 34. Rxc6 bxc6 35. Ra1 Qb8 36. Qc3 Re8 37. a5 Rxe2 38. Qc5 Rxb2 39. a6 Rxb4 40. a7 Be3+ 41. Kh1 Rb1+ 42. Bf1 Rxf1+ 43. Rxf1 Qc8 44. Ra1 Qa8 45. Qd6 Kg7 46. Qb8 1-0

[Event "Titled Tuesday intern op 23rd Jan Late"]
[Site "Chess.com INT"]
[Date "2024.01.23"]
[Round "3"]
[White "Malakhov, Vladimir"]
[Black "Stoleriu, George"]
[Result "1-0"]
[WhiteElo "2648"]
[BlackElo "2391"]
[PlyCount "93"]
[EventDate "2024.01.23"]
[EventType "swiss (blitz)"]
[EventRounds "11"]
[EventCountry "USA"]
[SourceTitle "CB05_2024"]
[SourceDate "2024.01.31"]
[SourceVersion "1"]
[SourceVersionDate "2024.01.31"]
[SourceQuality "1"]

1. e4 e6 2. d4 d5 3. Nd2 Be7 4. Ngf3 Nf6 5. e5 Nfd7 6. Bd3 c5 7. c3 Nc6 8. 0-0 g5 9. dxc5 g4 10. Nd4 Ndxe5 11. Bb5 Bd7 12. b4 Nxd4 13. Bxd7+ Nxd7 14. cxd4 h5 15. Nb3 Qc7 16. Qe2 Nf6 17. b5 Ne4 18. f3 gxf3 19. Qxf3 f5 20. Bf4 Qd7 21. Be5 Bf6 22. Bxf6 Nxf6 23. c6 bxc6 24. Nc5 Qd6 25. bxc6 Qxc6 26. Rac1 Qd6 27. Qe3 Ne4 28. Nxe4 dxe4 29. Qg5 Kf7 30. d5 Raf8 31. dxe6+ Kxe6 32. Qg6+ Rf6 33. Qg7 Re8 34. Qxa7 Re7 35. Qa8 Kf7 36. Qh8 Kg6 37. Qg8+ Rg7 38. Qe8+ Kh6 39. Kh1 Qd7 40. Qb8 Kh7 41. Rc8 f4 42. Rd8 Qg4 43. Rh8+ Kg6 44. Qe8+ Kf5 45. Rxh5+ Rg5 46. Qd7+ Kg6 47. Qh7# 1-0

[Event "Titled Tuesday intern op 23rd Jan Late"]
[Site "Chess.com INT"]
[Date "2024.01.23"]
[Round "9"]
[White "Malakhov, Vladimir"]
[Black "Vlassov, Nikolai"]
[Result "1-0"]
[WhiteElo "2648"]
[BlackElo "2299"]
[PlyCount "83"]
[EventDate "2024.01.23"]
[EventType "swiss (blitz)"]
[EventRounds "11"]
[EventCountry "USA"]
[SourceTitle "CB05_2024"]
[SourceDate "2024.01.31"]
[SourceVersion "1"]
[SourceVersionDate "2024.01.31"]
[SourceQuality "1"]

1. Nf3 c5 2. e4 d6 3. Bb5+ Nd7 4. a4 Ngf6 5. Nc3 g6 6. 0-0 Bg7 7. a5 0-0 8. a6 bxa6 9. Bxa6 Qb6 10. Bxc8 Rfxc8 11. d3 a5 12. Re1 Qc6 13. e5 Nd5 14. Nxd5 Qxd5 15. exd6 exd6 16. Ra4 Nb6 17. Rae4 a4 18. Nd2 Qc6 19. Qf3 d5 20. Re7 Qf6 21. Qh3 Bf8 22. R7e2 a3 23. bxa3 Na4 24. Nf3 Nc3 25. Re5 Bd6 26. Bg5 Bxe5 27. Bxf6 Bxf6 28. g3 Rcb8 29. Qd7 Kg7 30. Ne5 Bxe5 31. Rxe5 Rxa3 32. Qc7 Rf8 33. Qxc5 Ra1+ 34. Kg2 Nd1 35. Qd4 Rc1 36. Re8+ Kg8 37. Rxf8+ Kxf8 38. Qb4+ Kg7 39. Qd4+ Kg8 40. c4 dxc4 41. dxc4 Nc3 42. Qd2 1-0

[Event "Titled Tuesday intern op 23rd Jan Late"]
[Site "Chess.com INT"]
[Date "2024.01.23"]
[Round "8"]
[White "Offermann, Fernando"]
[Black "Malakhov, Vladimir"]
[Result "0-1"]
[WhiteElo "2061"]
[BlackElo "2648"]
[PlyCount "106"]
[EventDate "2024.01.23"]
[EventType "swiss (blitz)"]
[EventRounds "11"]
[EventCountry "USA"]
[SourceTitle "CB05_2024"]
[SourceDate "2024.01.31"]
[SourceVersion "1"]
[SourceVersionDate "2024.01.31"]
[SourceQuality "1"]

1. d4 d5 2. c4 e6 3. Nc3 Nf6 4. Nf3 a6 5. cxd5 exd5 6. Bg5 Be6 7. e3 Nbd7 8. Ne5 Be7 9. f4 Nxe5 10. dxe5 Ng4 11. Bxe7 Qxe7 12. Qd2 Rd8 13. Be2 Qc5 14. Bxg4 Bxg4 15. Rc1 d4 16. Ne2 Qd5 17. 0-0 dxe3 18. Qxe3 c6 19. Nc3 Qd4 20. Qxd4 Rxd4 21. h3 Be6 22. Rcd1 Rxd1 23. Rxd1 Ke7 24. a3 f6 25. exf6+ gxf6 26. Kf2 h5 27. Ne4 Bd5 28. Nc3 Bb3 29. Rd2 Rg8 30. g3 a5 31. h4 a4 32. Ne4 b6 33. Nc3 Ke6 34. Re2+ Kf5 35. Rd2 Ke6 36. Re2+ Kf7 37. Rd2 Ke7 38. Re2+ Kd7 39. Rd2+ Kc7 40. Ne4 Rf8 41. Nc3 b5 42. Ne4 Bd5 43. Nc3 Kd6 44. Ne4+ Ke6 45. Nc3 Rb8 46. Ke3 Kd6 47. Kd4 Re8 48. Re2 c5+ 49. Kd3 Bc4+ 50. Kd2 Bxe2 51. Nxe2 Kd5 52. Kd3 c4+ 53. Kd2 Ke4 0-1

[Event "RUS-chT Rapid"]
[Site "Sochi"]
[Date "2023.10.19"]
[Round "6.5"]
[White "Murzin, Volodar"]
[Black "Malakhov, Vladimir"]
[Result "1/2-1/2"]
[WhiteElo "2633"]
[BlackElo "2646"]
[PlyCount "62"]
[EventDate "2023.10.18"]
[EventType "team-swiss (rapid)"]
[EventRounds "9"]
[EventCountry "RUS"]
[SourceTitle "Mega2024 Update 01"]
[Source "Chessbase"]
[SourceDate "2023.11.12"]
[SourceVersion "1"]
[SourceVersionDate "2023.11.12"]
[SourceQuality "1"]
[WhiteTeam "Moscow Formula Shakhmat"]
[BlackTeam "Moscow ShSM"]
[WhiteTeamCountry "RUS"]
[BlackTeamCountry "RUS"]

1. Nf3 d5 2. g3 Bg4 3. Bg2 Nd7 4. d4 e6 5. 0-0 Ngf6 6. Nbd2 Be7 7. Re1 0-0 8. e4 dxe4 9. Nxe4 Nxe4 10. Rxe4 Nf6 11. Re1 c5 12. dxc5 Qxd1 13. Rxd1 Bxc5 14. Re1 Bf5 15. c3 Be4 16. Bg5 Bc6 17. Ne5 Bxg2 18. Kxg2 Rfd8 19. Nc4 b5 20. Na5 Bb6 21. Nb3 Rd5 22. Bf4 g5 23. Be5 Nd7 24. Bd4 Bxd4 25. Nxd4 Nb6 26. Re4 Rc8 27. a3 Nc4 28. Re2 a6 29. Rh1 h5 30. Rhe1 Kg7 31. Nf3 Kg6 1/2-1/2

[Event "RUS-chT Rapid"]
[Site "Sochi"]
[Date "2023.10.18"]
[Round "2.5"]
[White "Khripachenko, Alexander"]
[Black "Malakhov, Vladimir"]
[Result "0-1"]
[WhiteElo "2259"]
[BlackElo "2646"]
[PlyCount "118"]
[EventDate "2023.10.18"]
[EventType "team-swiss (rapid)"]
[EventRounds "9"]
[EventCountry "RUS"]
[SourceTitle "Mega2024 Update 01"]
[Source "Chessbase"]
[SourceDate "2023.11.12"]
[SourceVersion "1"]
[SourceVersionDate "2023.11.12"]
[SourceQuality "1"]
[WhiteTeam "Krasnodarsk Region"]
[BlackTeam "Moscow ShSM"]
[WhiteTeamCountry "RUS"]
[BlackTeamCountry "RUS"]

1. e4 e5 2. Nf3 Nc6 3. Bb5 Nf6 4. 0-0 Nxe4 5. Re1 Nd6 6. Nxe5 Be7 7. Bf1 Nf5 8. Nf3 0-0 9. d4 d5 10. c3 Bd6 11. Bd3 Re8 12. Rxe8+ Qxe8 13. Nbd2 Nce7 14. Nf1 f6 15. Qc2 g6 16. Bd2 Bd7 17. Re1 Qf7 18. Ng3 c6 19. a4 Nxg3 20. hxg3 Bf5 21. Bxf5 Nxf5 22. g4 Ng7 23. g5 Rf8 24. gxf6 Qxf6 25. Bh6 Qf5 26. Qd2 Re8 27. Bxg7 Rxe1+ 28. Nxe1 Kxg7 29. Nd3 Qe4 30. Kf1 h5 31. Qe2 Qf5 32. Qe3 g5 33. a5 Kf6 34. a6 bxa6 35. Kg1 Qe4 36. Qxe4 dxe4 37. Ne1 c5 38. Nc2 cxd4 39. cxd4 Ke6 40. Ne3 Bc7 41. Kf1 Bb6 42. Nc2 Kd5 43. b3 a5 44. Ke2 Bxd4 45. Na3 h4 46. Nb5 g4 47. Nc7+ Ke5 48. Kf1 e3 49. fxe3 Bxe3 50. Nb5 Bb6 51. Ke2 Kf4 52. Nc3 Bd4 53. Nb5 h3 54. gxh3 gxh3 55. Kf1 Bb6 56. Nd6 Kf3 57. Nc4 h2 58. Nd2+ Kg3 59. Ne4+ Kf4 0-1

[Event "RUS-chT Blitz"]
[Site "Sochi"]
[Date "2023.10.17"]
[Round "4.1"]
[White "Grischuk, Alexander"]
[Black "Malakhov, Vladimir"]
[Result "1/2-1/2"]
[WhiteElo "2732"]
[BlackElo "2646"]
[PlyCount "62"]
[EventDate "2023.10.17"]
[EventType "team-swiss (blitz)"]
[EventRounds "13"]
[EventCountry "RUS"]
[SourceTitle "Mega2024 Update 01"]
[Source "Chessbase"]
[SourceDate "2023.11.12"]
[SourceVersion "1"]
[SourceVersionDate "2023.11.12"]
[SourceQuality "1"]
[WhiteTeam "Moscow Park Tauer"]
[BlackTeam "Moscow ShSM"]
[WhiteTeamCountry "RUS"]
[BlackTeamCountry "RUS"]

1. d4 d5 2. c4 e6 3. Nc3 Nf6 4. cxd5 exd5 5. Bg5 c6 6. Qc2 Be7 7. e3 h6 8. Bh4 0-0 9. Bd3 a5 10. Nf3 Na6 11. a3 Ne8 12. Bg3 Nd6 13. 0-0 b5 14. e4 b4 15. e5 bxc3 16. exd6 Bxd6 17. Qxc3 Bxg3 18. hxg3 Qb6 19. Rac1 Be6 20. Qxc6 Rfb8 21. Rc2 Qb3 22. Bxa6 Rxa6 23. Qxa6 Qxc2 24. Qxa5 Rxb2 25. Qc5 Qe2 26. a4 Ra2 27. a5 Qa6 28. Rb1 Qe2 29. Rf1 Qa6 30. Rb1 Qe2 31. Rf1 Qa6 1/2-1/2

[Event "AI Cup Div 3 L"]
[Site "Chess.com INT"]
[Date "2023.09.26"]
[Round "2.1"]
[White "Malakhov, Vladimir"]
[Black "Radjabov, Teimour"]
[Result "0-1"]
[WhiteElo "2646"]
[BlackElo "2745"]
[PlyCount "82"]
[EventDate "2023.09.25"]
[EventType "k.o. (rapid)"]
[EventRounds "8"]
[EventCountry "USA"]
[SourceTitle "EXT 2024"]
[Source "ChessBase"]
[SourceDate "2023.10.10"]
[SourceVersion "1"]
[SourceVersionDate "2023.10.10"]
[SourceQuality "1"]

1. Nf3 Nf6 2. g3 g6 3. c4 Bg7 4. Bg2 c6 5. 0-0 0-0 6. d4 d5 7. Qb3 Qb6 8. Nc3 Rd8 9. Bd2 dxc4 10. Qxc4 Be6 11. Qa4 Na6 12. e4 Bg4 13. Be3 Nd7 14. Qc2 Bxf3 15. Bxf3 Bxd4 16. Na4 Qb4 17. a3 Qd6 18. Rad1 e5 19. b4 Nc7 20. Bxd4 exd4 21. Bg2 a5 22. Nc5 Nxc5 23. bxc5 Qe7 24. f4 Nb5 25. f5 Nc3 26. Rd3 Qxc5 27. Qf2 Rd7 28. f6 Re8 29. Re1 Rd6 30. g4 Qg5 31. Rxd4 Rxf6 32. Qe3 Qxe3+ 33. Rxe3 Nb5 34. Rd7 b6 35. a4 Rd6 36. Rb7 Rd1+ 37. Kf2 Nd6 38. Rd7 Rd2+ 39. Kg1 Re5 40. Bf1 Rxe4 41. Rxd6 Rxg4+ 0-1

[Event "AI Cup Div 3 W"]
[Site "Chess.com INT"]
[Date "2023.09.25"]
[Round "2.2"]
[White "Malakhov, Vladimir"]
[Black "Mamedov, Rauf"]
[Result "1/2-1/2"]
[WhiteElo "2646"]
[BlackElo "2640"]
[PlyCount "66"]
[EventDate "2023.09.25"]
[EventType "k.o. (rapid)"]
[EventRounds "7"]
[EventCountry "USA"]
[SourceTitle "EXT 2024"]
[Source "ChessBase"]
[SourceDate "2023.10.10"]
[SourceVersion "1"]
[SourceVersionDate "2023.10.10"]
[SourceQuality "1"]

1. e4 c5 2. Nf3 Nc6 3. Bb5 g6 4. Bxc6 dxc6 5. d3 Bg7 6. h3 Nf6 7. Nc3 Nd7 8. Be3 b6 9. Qd2 e5 10. Bh6 Bf6 11. Nh2 Nf8 12. Ng4 Bxg4 13. hxg4 Ne6 14. Ne2 Qe7 15. 0-0-0 0-0-0 16. Be3 Kb7 17. g3 h5 18. gxh5 gxh5 19. f4 h4 20. gxh4 exf4 21. Nxf4 Nxf4 22. Bxf4 Rxh4 23. Rxh4 Bxh4 24. Qg2 Qe6 25. b3 Qf6 26. Qg4 Qa1+ 27. Kd2 Rxd3+ 28. Kxd3 Qd4+ 29. Ke2 Qxe4+ 30. Kf1 Qh1+ 31. Ke2 Qe4+ 32. Kf1 Qh1+ 33. Ke2 Qe4+ 1/2-1/2

[Event "AI Cup Play In"]
[Site "Chess.com INT"]
[Date "2023.09.18"]
[Round "4"]
[White "Malakhov, Vladimir"]
[Black "Kramnik, Vladimir"]
[Result "1/2-1/2"]
[WhiteElo "2646"]
[BlackElo "2753"]
[PlyCount "153"]
[EventDate "2023.09.18"]
[EventType "swiss (rapid)"]
[EventRounds "9"]
[EventCountry "USA"]
[SourceTitle "EXT 2024"]
[Source "ChessBase"]
[SourceDate "2023.10.10"]
[SourceVersion "1"]
[SourceVersionDate "2023.10.10"]
[SourceQuality "1"]

1. e4 c5 2. Nf3 e6 3. c4 Nc6 4. d4 cxd4 5. Nxd4 Nf6 6. Nc3 Bb4 7. Nxc6 bxc6 8. Bd3 e5 9. 0-0 0-0 10. h3 Bc5 11. Re1 d6 12. Be3 Nd7 13. Bc2 Rb8 14. b3 Qe7 15. Na4 Bxe3 16. Rxe3 Nc5 17. Nxc5 dxc5 18. Rd3 Be6 19. Qh5 f6 20. Rad1 Rfd8 21. Rxd8+ Rxd8 22. Rxd8+ Qxd8 23. Qd1 Qd4 24. Qxd4 cxd4 25. c5 Kf7 26. f3 g6 27. a3 f5 28. b4 f4 29. Ba4 Bd7 30. Bb3+ Ke7 31. Kf2 g5 32. Bc4 Be6 33. Bd3 Bb3 34. Ke2 Kd7 35. Kd2 Kc7 36. Be2 Kb7 37. Bd3 h5 38. Be2 a5 39. Kc1 axb4 40. axb4 Be6 41. Kd2 Ka7 42. Ke1 Bc8 43. Bc4 Ba6 44. Bf7 h4 45. Bb3 Bb5 46. Bc2 Bc4 47. Ba4 Kb7 48. Bd1 Be6 49. Ba4 Bf7 50. Bd1 Ka6 51. Be2+ Ka7 52. Bd1 Kb7 53. Ba4 Ba2 54. Bd1 Bb1 55. Kd2 Ba2 56. Ke1 Bc4 57. Ba4 Ba6 58. Bd1 Bb5 59. Bb3 Ka6 60. Bd1 Bd3 61. Ba4 Kb7 62. Bd1 Bc4 63. Ba4 Ba6 64. Bd1 Bb5 65. Bb3 Kc7 66. Bd1 Kd8 67. Bb3 Kc7 68. Bd1 Bc4 69. Ba4 Kb7 70. Bd1 Ka6 71. Ba4 Bb5 72. Bd1 Ka7 73. Bb3 Kb7 74. Bd1 Ka6 75. Bb3 Bd3 76. Ba4 Bb5 77. Bd1 1/2-1/2

[Event "AI Cup Play In"]
[Site "Chess.com INT"]
[Date "2023.09.18"]
[Round "8"]
[White "Sargsyan, Shant"]
[Black "Malakhov, Vladimir"]
[Result "1/2-1/2"]
[WhiteElo "2631"]
[BlackElo "2646"]
[PlyCount "73"]
[EventDate "2023.09.18"]
[EventType "swiss (rapid)"]
[EventRounds "9"]
[EventCountry "USA"]
[SourceTitle "EXT 2024"]
[Source "ChessBase"]
[SourceDate "2023.10.10"]
[SourceVersion "1"]
[SourceVersionDate "2023.10.10"]
[SourceQuality "1"]

1. d4 d5 2. Nf3 Nf6 3. Bf4 e6 4. e3 Bd6 5. Nbd2 0-0 6. Bd3 c5 7. dxc5 Bxf4 8. exf4 Qc7 9. g3 Qxc5 10. 0-0 Nc6 11. c3 Bd7 12. Qe2 Qb6 13. Nb3 Na5 14. Nbd4 Rac8 15. h4 Nc4 16. Rab1 a6 17. Kg2 Nd6 18. Ne5 Bb5 19. Bxb5 Nxb5 20. Nxb5 Qxb5 21. Qxb5 axb5 22. a3 Ne4 23. Rbd1 Nd6 24. Rfe1 h5 25. Re2 Nc4 26. f5 Rfe8 27. Nxc4 bxc4 28. Re5 g6 29. f6 Rc5 30. Kf3 Rb5 31. Rd2 Rc8 32. Kf4 Kf8 33. Kg5 Ke8 34. Kh6 Ra5 35. f3 Kd7 36. g4 Rh8+ 37. Kg5 1/2-1/2

[Event "Aimchess Play In op"]
[Site "Chess.com INT"]
[Date "2023.06.12"]
[Round "4"]
[White "Le, Tuan Minh"]
[Black "Malakhov, Vladimir"]
[Result "1/2-1/2"]
[WhiteElo "2549"]
[BlackElo "2646"]
[PlyCount "93"]
[EventDate "2023.06.12"]
[EventType "swiss (rapid)"]
[EventRounds "9"]
[EventCountry "USA"]
[SourceTitle "CBM 214 Extra"]
[Source "ChessBase"]
[SourceDate "2023.07.31"]
[SourceVersion "1"]
[SourceVersionDate "2023.07.31"]
[SourceQuality "1"]

1. d4 d5 2. Nf3 e6 3. c4 a6 4. Bg5 Be7 5. Bxe7 Qxe7 6. Nbd2 Nf6 7. g3 0-0 8. Bg2 Nbd7 9. Rc1 c6 10. 0-0 e5 11. dxe5 Nxe5 12. cxd5 Nxf3+ 13. Bxf3 Nxd5 14. a3 Bh3 15. Re1 Rad8 16. Qc2 Nf6 17. Nb3 h5 18. Red1 Bg4 19. Qc5 Rxd1+ 20. Rxd1 Qe6 21. Nd4 Qd7 22. Rd3 Bxf3 23. Nxf3 Qe6 24. Re3 Qd5 25. Qc2 Re8 26. Rxe8+ Nxe8 27. e4 Qd6 28. Qb3 b5 29. e5 Qe7 30. h4 Nc7 31. Qc2 c5 32. Qe4 g6 33. Qc6 c4 34. Ng5 Ne6 35. Nf3 Qc5 36. Qe8+ Kg7 37. Ng5 Nxg5 38. hxg5 Qd5 39. Qe7 a5 40. Qf6+ Kg8 41. Qe7 a4 42. Qe8+ Kg7 43. Qe7 Qd1+ 44. Kg2 Qd5+ 45. Kg1 Qd1+ 46. Kg2 Qd5+ 47. Kg1 1/2-1/2